<?xml version="1.0" encoding="UTF-8"?>
<record
    xmlns:xsi="http://www.w3.org/2001/XMLSchema-instance"
    xsi:schemaLocation="http://www.loc.gov/MARC21/slim http://www.loc.gov/standards/marcxml/schema/MARC21slim.xsd"
    xmlns="http://www.loc.gov/MARC21/slim">

  <leader>01977nam a22003017a 4500</leader>
  <controlfield tag="008">121028s2010    mx a          000 0 spa d</controlfield>
  <datafield tag="020" ind1=" " ind2=" ">
    <subfield code="a">9786074423891</subfield>
  </datafield>
  <datafield tag="050" ind1=" " ind2="4">
    <subfield code="a">HD37.E7</subfield>
    <subfield code="b">M86 2010</subfield>
  </datafield>
  <datafield tag="100" ind1=" " ind2=" ">
    <subfield code="a">Munch Galindo, Lourdes</subfield>
    <subfield code="e">autor</subfield>
  </datafield>
  <datafield tag="245" ind1="1" ind2="0">
    <subfield code="a">Administraci&#xF3;n</subfield>
    <subfield code="b"> : Gesti&#xF3;n organizacional, enfoques y proceso administrativo</subfield>
    <subfield code="c"> / Lourdes M&#xFC;nch ; colaboraci&#xF3;n de F&#xE9;lix Pati&#xF1;o G&#xF3;mez</subfield>
  </datafield>
  <datafield tag="260" ind1=" " ind2=" ">
    <subfield code="a">M&#xE9;xico </subfield>
    <subfield code="b"> : Pearson Educaci&#xF3;n</subfield>
    <subfield code="c">, 2010</subfield>
  </datafield>
  <datafield tag="300" ind1=" " ind2=" ">
    <subfield code="a">ix, 303 p&#xE1;ginas</subfield>
    <subfield code="b"> : ilustraciones</subfield>
  </datafield>
  <datafield tag="500" ind1=" " ind2=" ">
    <subfield code="a">Incluye ejercicios de refuerzo, casos pr&#xE1;cticos, autoevaluaci&#xF3;n y conclusiones por cap&#xED;tulo</subfield>
  </datafield>
  <datafield tag="505" ind1=" " ind2=" ">
    <subfield code="a">Administraci&#xF3;n y gesti&#xF3;n, un solo concepto.Evoluci&#xF3;n
Proceso administrativo
Planeaci&#xF3;n
Organizaci&#xF3;n
Integraci&#xF3;n
Direcci&#xF3;n y liderazgo
Evaluaci&#xF3;n y control
La administraci&#xF3;n y sus escuelas
Tendencias actuales de gesti&#xF3;n
La empresa
&#xC1;reas funcionales de la empresa
El esp&#xED;ritu empresarial y emprendedor
La empresa en la nueva conformaci&#xF3;n econ&#xF3;mica mundial</subfield>
  </datafield>
  <datafield tag="519" ind1=" " ind2=" ">
    <subfield code="a">Plan Flexible / 
</subfield>
    <subfield code="b">Inform&#xE1;tica / </subfield>
    <subfield code="c">Administraci&#xF3;n (B01-2) / </subfield>
    <subfield code="d">(03 007358)</subfield>
  </datafield>
  <datafield tag="519" ind1=" " ind2=" ">
    <subfield code="a">Plan Flexible / </subfield>
    <subfield code="b">Psicolog&#xED;a / </subfield>
    <subfield code="c">Administraci&#xF3;n de Empresas (B14-2) / </subfield>
    <subfield code="d">(18 001695)</subfield>
  </datafield>
  <datafield tag="519" ind1=" " ind2=" ">
    <subfield code="a">Educaci&#xF3;n Mixta /</subfield>
    <subfield code="b">Informatica /</subfield>
    <subfield code="c">Administraci&#xF3;n (B01-2) / </subfield>
    <subfield code="d">(03 008683)</subfield>
  </datafield>
  <datafield tag="519" ind1=" " ind2=" ">
    <subfield code="a">Plan Flexible /</subfield>
    <subfield code="b">Informatica /</subfield>
    <subfield code="c">Administraci&#xF3;n (B01-) / </subfield>
    <subfield code="d">(18 001695)</subfield>
  </datafield>
  <datafield tag="519" ind1=" " ind2=" ">
    <subfield code="a">Material Complementario / </subfield>
    <subfield code="b">Administraci&#xF3;n / </subfield>
    <subfield code="c">Administraci&#xF3;n (B01-) / </subfield>
    <subfield code="d">(22 000144)</subfield>
  </datafield>
  <datafield tag="519" ind1=" " ind2=" ">
    <subfield code="a">Material Complementario / </subfield>
    <subfield code="b">Informatica / </subfield>
    <subfield code="c">Administraci&#xF3;n (B01-2) / </subfield>
    <subfield code="d">(22 000284)</subfield>
  </datafield>
  <datafield tag="519" ind1=" " ind2=" ">
    <subfield code="a">Material complementario Plan UNAM/</subfield>
    <subfield code="b">Lic. en Enfermer&#xED;a / </subfield>
    <subfield code="c">Gesti&#xF3;n empresarial de enfermer&#xED;a (0026) / </subfield>
    <subfield code="d">23 004136</subfield>
  </datafield>
  <datafield tag="650" ind1="1" ind2="0">
    <subfield code="a">ADMINISTRACI&#xD3;N</subfield>
  </datafield>
  <datafield tag="650" ind1="2" ind2="0">
    <subfield code="a">ADMINISTRACI&#xD3;N INDUSTRIAL</subfield>
  </datafield>
  <datafield tag="650" ind1="3" ind2="0">
    <subfield code="a">COMERCIO INTERNACIONAL</subfield>
  </datafield>
  <datafield tag="700" ind1=" " ind2=" ">
    <subfield code="a">Pati&#xF1;o G&#xF3;mez, F&#xE9;lix</subfield>
    <subfield code="e">colaborador</subfield>
  </datafield>
  <datafield tag="942" ind1=" " ind2=" ">
    <subfield code="c">LB</subfield>
  </datafield>
  <datafield tag="952" ind1=" " ind2=" ">
    <subfield code="0">0</subfield>
    <subfield code="1">0</subfield>
    <subfield code="4">0</subfield>
    <subfield code="7">0</subfield>
    <subfield code="a">14</subfield>
    <subfield code="b">14</subfield>
    <subfield code="d">2012-06-04</subfield>
    <subfield code="l">0</subfield>
    <subfield code="o">HD37.E7 M86 2010</subfield>
    <subfield code="p">14 004425</subfield>
    <subfield code="r">2012-10-28</subfield>
    <subfield code="t">1</subfield>
    <subfield code="w">2012-10-28</subfield>
    <subfield code="y">LB</subfield>
  </datafield>
  <datafield tag="952" ind1=" " ind2=" ">
    <subfield code="0">0</subfield>
    <subfield code="1">0</subfield>
    <subfield code="2">lcc</subfield>
    <subfield code="4">0</subfield>
    <subfield code="7">0</subfield>
    <subfield code="a">03</subfield>
    <subfield code="b">03</subfield>
    <subfield code="d">2013-03-21</subfield>
    <subfield code="l">3</subfield>
    <subfield code="o">HD37.E7 M85 2010</subfield>
    <subfield code="p">03 008683</subfield>
    <subfield code="r">2014-03-04</subfield>
    <subfield code="s">2014-03-04</subfield>
    <subfield code="t">2</subfield>
    <subfield code="w">2013-03-21</subfield>
    <subfield code="y">LB</subfield>
  </datafield>
  <datafield tag="952" ind1=" " ind2=" ">
    <subfield code="0">0</subfield>
    <subfield code="1">0</subfield>
    <subfield code="4">0</subfield>
    <subfield code="7">0</subfield>
    <subfield code="a">23</subfield>
    <subfield code="b">23</subfield>
    <subfield code="d">2014-01-06</subfield>
    <subfield code="l">9</subfield>
    <subfield code="m">1</subfield>
    <subfield code="o">HD37.E7 M85 2010</subfield>
    <subfield code="p">23 004136</subfield>
    <subfield code="r">2025-03-06</subfield>
    <subfield code="s">2018-09-25</subfield>
    <subfield code="t">1</subfield>
    <subfield code="w">2014-01-06</subfield>
    <subfield code="y">LB</subfield>
  </datafield>
  <datafield tag="952" ind1=" " ind2=" ">
    <subfield code="0">0</subfield>
    <subfield code="1">0</subfield>
    <subfield code="4">0</subfield>
    <subfield code="7">0</subfield>
    <subfield code="a">22</subfield>
    <subfield code="b">22</subfield>
    <subfield code="d">2014-04-24</subfield>
    <subfield code="l">15</subfield>
    <subfield code="m">7</subfield>
    <subfield code="o">HD37.E7 M85 2010</subfield>
    <subfield code="p">22 000284</subfield>
    <subfield code="r">2018-09-26</subfield>
    <subfield code="s">2018-09-26</subfield>
    <subfield code="t">2</subfield>
    <subfield code="w">2014-04-24</subfield>
    <subfield code="y">LB</subfield>
  </datafield>
  <datafield tag="952" ind1=" " ind2=" ">
    <subfield code="0">0</subfield>
    <subfield code="1">0</subfield>
    <subfield code="2">lcc</subfield>
    <subfield code="4">0</subfield>
    <subfield code="7">0</subfield>
    <subfield code="a">14</subfield>
    <subfield code="b">14</subfield>
    <subfield code="d">2014-04-09</subfield>
    <subfield code="l">34</subfield>
    <subfield code="m">2</subfield>
    <subfield code="o">HD37.E7 M86 2010</subfield>
    <subfield code="p">14 005208</subfield>
    <subfield code="r">2019-03-26</subfield>
    <subfield code="s">2019-03-26</subfield>
    <subfield code="t">2</subfield>
    <subfield code="w">2014-09-12</subfield>
    <subfield code="y">LB</subfield>
  </datafield>
  <datafield tag="952" ind1=" " ind2=" ">
    <subfield code="0">0</subfield>
    <subfield code="1">0</subfield>
    <subfield code="4">0</subfield>
    <subfield code="7">0</subfield>
    <subfield code="a">03</subfield>
    <subfield code="b">03</subfield>
    <subfield code="d">2014-10-03</subfield>
    <subfield code="l">0</subfield>
    <subfield code="o">HD37.E7 M86 2010</subfield>
    <subfield code="p">03 007358</subfield>
    <subfield code="r">2014-10-03</subfield>
    <subfield code="t">1</subfield>
    <subfield code="w">2014-10-03</subfield>
    <subfield code="y">LB</subfield>
  </datafield>
  <datafield tag="952" ind1=" " ind2=" ">
    <subfield code="0">0</subfield>
    <subfield code="1">0</subfield>
    <subfield code="4">0</subfield>
    <subfield code="7">0</subfield>
    <subfield code="a">18</subfield>
    <subfield code="b">18</subfield>
    <subfield code="d">2016-04-07</subfield>
    <subfield code="l">14</subfield>
    <subfield code="m">20</subfield>
    <subfield code="o">HD37.E7 M85</subfield>
    <subfield code="p">18 001695</subfield>
    <subfield code="q">2024-08-17</subfield>
    <subfield code="r">2024-07-27</subfield>
    <subfield code="s">2024-07-27</subfield>
    <subfield code="t">1</subfield>
    <subfield code="w">2016-04-07</subfield>
    <subfield code="y">LB</subfield>
  </datafield>
  <datafield tag="999" ind1=" " ind2=" ">
    <subfield code="c">94446</subfield>
    <subfield code="d">94446</subfield>
  </datafield>
</record>
